Súčasné trendy výstavby nízkoenergetických budov. Koncepcie sídel pre energeticky pasívne domy na Slovensku : doktorandská dizertačná práca

Enregistré dans:
Détails bibliographiques
Auteur principal: Krajcsovics, Lorant (Auteur)
Format: Livre
Publié: Bratislava : STU FA, 2008
Sujets:
Tags: Ajouter un tag
Pas de tags, Soyez le premier à ajouter un tag!

MARC

LEADER 00000nam a22000003a 4500
001 stu191618
005 20241120132205.9
008 091006s2008----------------------------d
040 |a STU  |b slo 
100 1 |a Krajcsovics, Lorant  |4 aut  |u A2120  |9 100  |U FAD Fakulta architektúry  |T FA Ústav ekologickej a experimentálnej architektúry  |X 4831  |U A2120  |Y 393  |7 A000004831 
245 1 |a Súčasné trendy výstavby nízkoenergetických budov. Koncepcie sídel pre energeticky pasívne domy na Slovensku :  |b doktorandská dizertačná práca 
260 |a Bratislava :  |b STU FA,  |c 2008 
300 |a 115 s  |c obr a grafy 
650 7 |a nízkoenergetické domy  |2 stusub 
996 |b 284AB00963  |c A*6775 V  |l AAKNST  |s P  |a 0  |w stu191618_0001